000 01741nam2a2200313 4500
001 rc\2665374
005 20260406063622.0
035 _a(NLR Aleph) 006971964
090 _a13567076
_c13567076
100 _a20110618d1928 u y0rusy50 ca
101 1 _arus
102 _aRU
105 _aca z |||||
200 1 _aВеверлей
_eРоман
_eС 46 рис.
_fПерев. и обработка А.Н. Горлина
_gС критико-биографич. очерком А. Горнфельда
_gи предисл. И. Машбиц-Верова
210 _d1928
215 _a468 с., [1] вкл. л. портр.
_cил., портр.
300 _aНа обороте тит. л.: "Walter Scott. Vaverley. (1814)"
300 _aОбл.: 2 Стенберг
461 0 _1001rc\2665373
_12001#$aСобрание романов$fВальтер Скотт$gПод ред. А.Н. Горлина, Бенедикта Лившица и О. Мандельштама$gСо вступ. статьей Ю. Ларина$vТ. 1
_1700#1$aСкотт$bВ.$gВальтер$f1771-1832$3RU\NLR\AUTH\772398
_95449525
_aСкотт, В. (1771-1832)
_cМосква
_d[1928]
_fВальтер Скотт
_nЗемля и фабрика
_tСобрание романов
_vТ. 1
702 1 _aГорлин
_bА.Н.
_4730
702 1 _4570
_8rus
_7ca
_aГорнфельд
_bА. Г.
_f1867-1941
_gАркадий Георгиевич
_3RU\NLR\AUTH\7723067
_96121
702 1 _4080
_4212
_7ca
_8rus
_aМашбиц-Веров
_bИ. М.
_f1900-1989
_gИосиф Маркович
_9227597
_3RU\NLR\AUTH\770227653
801 0 _aRU
_bNLR
_gpsbo
801 1 _aRU
_bELAR
_2rusmarc
852 _aNLR
_j57/338(1)
852 _aNLR
_jЛ60 В-3/334(1)
942 _cUNSPEC
980 _aNB